000 00943caa a22002417a 4500
999 _c409112
_d409112
001 125353
003 UA-OsUOA
005 20200114095000.0
007 ta
008 20170914b un ||||| |||| 00| 0 ukr d
040 _aUA-OsUOA
_bukr
_cUA-OsUOA
_dUA-OsUOA
041 _aukr
080 _a908
090 _a908
_bК95
100 _aКухарук Н.
245 _aКультурно-просвітницька та видавнича діяльність Дерманського монастиря в другій половині XVI – першій третині XVIІ століття
_cН. Кухарук
300 _aС. 230–236
650 7 _a908 Краєзнавство
_2UDC
773 0 _0328173
_9350793
_dОстрог НаУОА 2004
_o99526
_tНаукові записки
_w(UA-OsUOA) 42042
_z966-7631-62-1
942 _cBKA
_2udc
955 _a1